000 00489nam a2200181Ia 4500
005 20250326125455.0
008 250326s9999 xx 000 0 und d
037 _aTextbook
040 _aFMSL
_beng
_cFMSL
041 _aeng
_2eng
084 _aY:4 K5
_qFMSL
100 _aGould J
245 0 _aPenguin survey of the social sciences 1965
_cGould J
260 _aEngland
_bEngland, Penguin Books
_c1965
300 _a184p
942 _cTB
_hY:4 K5
999 _c1278217
_d1278217